| 000 | 00349nam a2200121Ia 4500 | ||
|---|---|---|---|
| 008 | 160609s9999 xx 000 0 und d | ||
| 100 | _aBusch, Oliver. | ||
| 245 | _aRealtime Advertising | ||
| 245 | _cBy:Oliver Busch | ||
| 260 | _c2015 | ||
| 650 | _xADVERTISING PRINCIPLES | ||
| 856 | _uhttp://file.ebook777.com/013/ReaAdvDigMarInEchStrKonUndPer.pdf | ||
| 999 |
_c295594 _d295594 |
||